| 000 | 00365nam a22001337a 4500 | ||
|---|---|---|---|
| 082 |
_a954.913 _bZIA _cL-28, P-31 |
||
| 100 |
_aZia-ul-Islam _946541 |
||
| 245 |
_aRevolution in Kashmir _cZia-ul-Islam |
||
| 260 |
_aPakistan : _bPakistan Publishers, _c1948. |
||
| 300 | _a141 p. : | ||
| 526 |
_a0 _b0 _c0 _d954_913000000000000_ZIA |
||
| 650 |
_aMCE _9379 |
||
| 942 |
_2ddc _cBK |
||
| 999 |
_c549854 _d549854 |
||